| 000 | 01484nam a2200337 a 4500 | ||
|---|---|---|---|
| 001 | 00000252 | ||
| 003 | DO-SdBNP | ||
| 005 | 20160627135058.0 | ||
| 007 | 00000252 | ||
| 008 | 150130s2012 dr ac 000 0 spa d | ||
| 020 | _a9789945174267 | ||
| 040 |
_aBPMSU _bspa _cBPMSU |
||
| 092 |
_a372.257 _bC569n, 4to. 2012 |
||
| 245 | 0 | 0 |
_aCiencias naturales 4 : _beducación básica / _ccolaboración Miguela del Burgo ... [et al.] ; dirección editorial Doris Arroba Jácome ; ilustraciones Rafael Almanzar |
| 260 |
_aSanto Domingo : _bSM, _c2012. |
||
| 300 |
_a167 p. : _bil., retrs. ; _c29 cm. |
||
| 490 | 1 | _aProyecto Sé | |
| 505 | 1 |
_tLos seres vivos. un equipo organizado -- _tFunciones vitales: la nutrición -- _tLos seres vivos dejan sus huellas -- _tLa función de relación -- _tDiferentes ecosistemas -- _tLas cadenas alimentarias -- _tEl suelo, valioso recurso natural -- _tLos seres vivos y la luz -- _tLa tierra y el universo -- _tEnergía que atrae -- |
|
| 650 |
_aCIENCIAS NATURALES _xENSEÑANZA BÁSICA |
||
| 650 |
_aCIENCIAS NATURALES _xEDUCACIÓN PRIMARIA |
||
| 650 |
_aEDUCACIÓN PRIMARIA _zREPÚBLICA DOMINICANA |
||
| 650 | 4 |
_aCIENCIAS NATURALES _xESTUDIOS Y EJERCICIOS |
|
| 650 |
_aCIENCIAS NATURALES _xLIBROS DE TEXTOS |
||
| 700 | 1 | 2 |
_aBurgo, Miguela del _ecoord. |
| 700 | 1 | 2 |
_aArroba Jácome, Doris _eed. |
| 700 | 1 | 2 |
_aAlmánzar, Rafael _eil. |
| 830 | 0 | _aProyecto Sé | |
| 910 | _aValidado. Control de calidad MFF | ||
| 942 |
_2ddc _cBK |
||
| 956 |
_aYLOCKWARD _b10 |
||
| 999 |
_c9823 _d9823 |
||